000 00723 a2200205 4500
001 130800
020 _a85-02-02121-4
040 _cLeonardo Da Vinci
041 _aPortuguês
082 _a346.066 C329c
_bC329c
100 _aCARVALHOSA, Modesto
245 _aComentários à Lei de Sociedades Anônimas
_bartigos 1. a 74
250 _a2.ed. v.1
260 _bSaraiva
_c1997
_aSão Paulo
300 _a727
362 _a19970000
500 _aLei n.6404, de 15 de dezembro de 1976, com as modificações da Lei n.9457, de 5 de maio de 1997
697 _aDireito
_aDireito Comercial
_aLegislação
_aLeis
_aSociedades comerciais
_aSociedades anônimas
_aSociedades por ações
_aComentários
_aBrasil
_aFIPEN
942 _cBK
999 _c130800
_d130800